000
00265nam a2200097Ia 4500
008
231107s2012 xx 000 0 und d
041
_a
eng
100
_a
Matteson Donna
245
_a
Civil Engineering Architecture
260
_a
Australia
_b
Delmar Cengage Learning
_c
2012
999
_c
930590
_d
930590